| 000 | 00859nas a2200277 4500 | ||
|---|---|---|---|
| 001 | BR0802134 | ||
| 003 | BR-BrBNA | ||
| 005 | 20231205111922.0 | ||
| 007 | ta | ||
| 008 | 230509b bl.|||p| |||| 00| 00por d | ||
| 040 |
_aBR-BrBNA _bpor _cBiblioteca Nacional de Agricultura |
||
| 041 | _a(En) | ||
| 072 | _aL73; L20 | ||
| 100 | 1 | _aMonteiro, L.C.C. | |
| 100 | 1 | _aSouza, J.R.B. de | |
| 100 | 1 | _aAlbuquerque, C.M.R. de | |
| 245 | 1 | _aEclosion rate, development and survivorship of Aedes albopictus (Skuse)(Diptera: culicidae)under different water temperatures | |
| 650 | _aINSETO | ||
| 650 | _aOVO | ||
| 650 | _aECLOSÃO | ||
| 650 | _aAGUA | ||
| 650 | _aTEMPERATURA | ||
| 773 | 0 |
_tNeotropical Entomology (Brasil) _xISSN 1519-566X _g(Nov-Dec 2007), v. 36(6) p. 966-971 _wBR0802134 |
|
| 909 |
_a202311 _bLúcia _c55 _dLúcia Elande |
||
| 942 |
_2AGRIS _n0 _cANA |
||
| 999 |
_c195131 _d195131 |
||